[Event "Torneio de ELITE da AXL 2013-2014"]
[Site "axlisboa.weebly.com"]
[Date "2014.10.02"]
[Round "5.1"]
[White "Pereira, Sergio Daniel Costa"]
[Black "Morais, Vitor Mestre"]
[Result "0-1"]
[WhiteElo "2036"]
[BlackElo "1924"]
[PlyCount "78"]
[EventDate "2014.09.23"]

1. e4 c5 2. Nc3 Nc6 3. f4 g6 4. Nf3 Bg7 5. Bc4 e6 6. O-O Nge7 7. e5 d5 8. exd6
Qxd6 9. Ne4 Qc7 10. d3 b6 11. Qe1 O-O 12. c3 Na5 13. Bb5 Bb7 14. Ne5 Rad8 15.
Qh4 f6 16. Ng4 Bxe4 17. dxe4 f5 18. Nf2 c4 19. e5 Nd5 20. Ba4 a6 21. Bc2 b5 22.
Qg3 Rf7 23. Nh3 Rfd7 24. Ng5 Qc6 25. Qh4 h6 26. Nf3 Bf8 27. Nd4 Qb6 28. Rf3 Nc6
29. h3 Nxd4 30. cxd4 Qxd4+ 31. Kh2 Bc5 32. Be3 Nxe3 33. Qxh6 Rg7 34. Rg3 Nxc2
35. Rxg6 Rdd7 36. Rc1 Ne3 37. Qh5 Qxf4+ 38. Kh1 Ng4 39. Rxg7+ Kxg7 0-1

[Event "Torneio de ELITE da AXL 2013-2014"]
[Site "axlisboa.weebly.com"]
[Date "2014.10.02"]
[Round "5.2"]
[White "Guerra, Vitor Manuel Vestia"]
[Black "Reis, Luis Sousa"]
[Result "0-1"]
[WhiteElo "2179"]
[BlackElo "2195"]
[PlyCount "110"]
[EventDate "2014.09.23"]

1. d4 Nc6 2. Nf3 d5 3. g3 Bf5 4. Bg2 Qd7 5. O-O Bh3 6. c4 Bxg2 7. Kxg2 e6 8.
Nc3 O-O-O 9. Qa4 Kb8 10. cxd5 exd5 11. Bf4 a6 12. a3 f6 13. b4 g5 14. Be3 Na7
15. Qxd7 Rxd7 16. Ne1 Nh6 17. f3 Nf5 18. Bf2 Nc6 19. Nc2 h5 20. Rad1 Bg7 21. e4
Nfe7 22. h3 Rhd8 23. Rfe1 b6 24. g4 Kb7 25. a4 dxe4 26. fxe4 Rh8 27. b5 Nd8 28.
bxa6+ Kxa6 29. Ne2 Ne6 30. Ne3 Ng6 31. Bg3 c6 32. Nf5 Bf8 33. Rc1 Bb4 34. Red1
c5 35. d5 Nd8 36. h4 Nf7 37. gxh5 Rxh5 38. Rh1 gxh4 39. Bxh4 Ng5 40. Bxg5 Rxg5+
41. Kf2 Ne5 42. Rcg1 Nd3+ 43. Ke3 Rxg1 44. Rxg1 Nb2 45. Rg7 Nc4+ 46. Kd3 Ne5+
47. Kc2 Rxg7 48. Nxg7 c4 49. Ne8 Ka5 50. Nd4 Nd7 51. Nc6+ Kxa4 52. d6 b5 53.
Nxb4 Kxb4 54. Nxf6 Nxf6 55. e5 Kc5 0-1

[Event "Torneio de ELITE da AXL 2013-2014"]
[Site "axlisboa.weebly.com"]
[Date "2014.10.02"]
[Round "5.3"]
[White "Marques, Carlos Filipe Fernan"]
[Black "Diogo, Vasco"]
[Result "0-1"]
[WhiteElo "1832"]
[BlackElo "2256"]
[PlyCount "84"]
[EventDate "2014.09.23"]

1. e4 c5 2. Bc4 e6 3. a3 d5 4. exd5 exd5 5. Ba2 Nc6 6. h3 Bf5 7. Nf3 Qe7+ 8.
Qe2 Qxe2+ 9. Kxe2 Bxc2 10. Bxd5 Nge7 11. Bxc6+ Nxc6 12. Re1 O-O-O 13. Kf1 Be7
14. Nc3 Rhe8 15. Kg1 Nd4 16. Nxd4 cxd4 17. Na2 Bd6 18. Rf1 Bd3 19. Rd1 Be2 20.
Re1 Bc4 21. Rd1 Bb3 22. Rf1 d3 23. Nc3 Bc5 24. Nd1 f5 25. a4 a5 26. Nc3 g5 27.
Ra3 Bxa3 28. bxa3 h5 29. Bb2 g4 30. h4 Re6 31. Nd1 f4 32. Bc3 b6 33. Nb2 Kb7
34. Rc1 Re2 35. Kf1 Rde8 36. Rb1 Bc2 37. Rc1 g3 38. fxg3 fxg3 39. Bd4 R8e4 40.
Be3 Rxh4 41. Nd1 Rh1+ 42. Bg1 Rxg1+ 0-1

[Event "Torneio de ELITE da AXL 2013-2014"]
[Site "axlisboa.weebly.com"]
[Date "2014.10.02"]
[Round "5.4"]
[White "Bolhari, Orphe Iraj"]
[Black "Preto, Daniel Filipe Rodrig"]
[Result "0-1"]
[WhiteElo "2141"]
[BlackElo "1984"]
[PlyCount "41"]
[EventDate "2014.09.23"]

1. e4 e6 2. d4 d5 3. Nc3 Bb4 4. e5 Ne7 5. Qg4 c5 6. a3 Bxc3+ 7. bxc3 Qc7 8.
Qxg7 Rg8 9. Qxh7 cxd4 10. Ne2 dxc3 11. f4 Nbc6 12. Qd3 d4 13. Nxd4 Nxd4 14.
Qxd4 Bd7 15. Rb1 Nf5 16. Qf2 Qc6 17. Rb4 Qd5 18. Rg1 O-O-O 19. Be2 Bc6 20. Bf3
Qd7 21. Bxc6 0-1

[Event "Torneio de ELITE da AXL 2013-2014"]
[Site "axlisboa.weebly.com"]
[Date "2014.10.02"]
[Round "5.5"]
[White "Carneiro, Carlos Alberto C P"]
[Black "Santos, Jose Manuel Duarte C"]
[Result "1-0"]
[WhiteElo "2209"]
[BlackElo "1863"]
[PlyCount "109"]
[EventDate "2014.09.23"]

1. d4 Nf6 2. c4 g6 3. Nc3 Bg7 4. e4 O-O 5. Be2 d6 6. f4 e5 7. fxe5 dxe5 8. d5
Ne8 9. Nf3 Nd7 10. O-O f5 11. Ng5 Ndf6 12. Be3 Qe7 13. c5 f4 14. d6 cxd6 15.
cxd6 Qxd6 16. Qxd6 Nxd6 17. Bc5 Rd8 18. Rad1 Bf8 19. Nb5 Bg4 20. Bxg4 Nxb5 21.
Be6+ Kg7 22. Bxf8+ Kxf8 23. Bc4 Rxd1 24. Ne6+ Ke7 25. Rxd1 Nd6 26. Nc7 Rc8 27.
Nd5+ Nxd5 28. Bxd5 Rc2 29. b4 g5 30. a4 b6 31. b5 g4 32. Kf1 h5 33. Bc6 h4 34.
Rd5 Ke6 35. Rd3 Rc1+ 36. Kf2 Rc2+ 37. Kf1 Nc4 38. g3 Nd2+ 39. Ke1 Nf3+ 40. Kd1
Rxh2 41. Bd7+ Ke7 42. Bxg4 Nd4 43. gxf4 Kd6 44. f5 Rf2 45. Rh3 Rf4 46. Rxh4 Kc5
47. f6 Rxf6 48. Rh5 Rd6 49. Rxe5+ Kc4 50. Ke1 Nc2+ 51. Ke2 Nd4+ 52. Ke3 Nc2+
53. Kf4 Rf6+ 54. Kg5 Rf7 55. Be6+ 1-0

[Event "Torneio de ELITE da AXL 2013-2014"]
[Site "axlisboa.weebly.com"]
[Date "2014.10.02"]
[Round "5.6"]
[White "Pires, Emanuel Joao Robarts"]
[Black "Nanques, Helder Manuel Pereir"]
[Result "1-0"]
[WhiteElo "2060"]
[BlackElo "1952"]
[PlyCount "43"]
[EventDate "2014.09.23"]

1. e4 d5 2. exd5 Nf6 3. d4 Bg4 4. f3 Bf5 5. Bb5+ Nbd7 6. c4 e6 7. dxe6 Bb4+ 8.
Nc3 Qe7 9. Nge2 Bxe6 10. O-O c6 11. d5 Qc5+ 12. Kh1 cxd5 13. cxd5 Bf5 14. Nd4
Bxc3 15. Nxf5 O-O-O 16. Be3 Qc7 17. Bxa7 Ne5 18. d6 Nc6 19. Qa4 Qa5 20. Bxc6
Qxf5 21. Qc4 b6 22. Bd5+ 1-0

[Event "Torneio de ELITE da AXL 2013-2014"]
[Site "axlisboa.weebly.com"]
[Date "2014.10.04"]
[Round "6.1"]
[White "Morais, Vitor Mestre"]
[Black "Nanques, Helder Manuel Pereir"]
[Result "1-0"]
[WhiteElo "1924"]
[BlackElo "1952"]
[PlyCount "131"]
[EventDate "2014.09.23"]

1. Nf3 a6 2. g3 g6 3. Bg2 Bg7 4. O-O Nf6 5. c4 O-O 6. Nc3 d6 7. d3 c6 8. Bd2
Bd7 9. b4 Qc8 10. Re1 Ng4 11. Rb1 Ne5 12. a4 Nxf3+ 13. Bxf3 e6 14. a5 d5 15.
Na4 Qd8 16. Nb6 Ra7 17. Be3 d4 18. Bf4 e5 19. Bd2 Be6 20. e3 Nd7 21. exd4 exd4
22. Na4 Ne5 23. Be4 Re8 24. Bf4 Nd7 25. Bg2 h6 26. Qd2 g5 27. Bd6 Nf8 28. Bc5
Ra8 29. Nb6 Rb8 30. b5 cxb5 31. cxb5 Ng6 32. Qb4 Bf8 33. Bxf8 Nxf8 34. Qc5 Qf6
35. Qc7 axb5 36. Bxb7 Ba2 37. Rbc1 Ne6 38. Qc5 Re7 39. a6 Rc7 40. Qxb5 Rbxb7
41. axb7 Rxb7 42. Qc6 Rxb6 43. Qa8+ Kg7 44. Qxa2 g4 45. Qe2 Ng5 46. Qxg4 h5 47.
Qxh5 Nf3+ 48. Kg2 Nxe1+ 49. Rxe1 Rb2 50. Re2 Qb6 51. Qf3 Qb5 52. Qg4+ Kf8 53.
Rxb2 Qxb2 54. Qf5 Qa1 55. h4 Qa8+ 56. Qe4 Qd8 57. h5 Kg7 58. g4 Kh6 59. Qf4+
Kh7 60. Qxf7+ Kh8 61. Qf4 Kh7 62. g5 Kg8 63. Kg3 Qd5 64. g6 Kg7 65. Qf7+ Kh6
66. Qxd5 1-0

[Event "Torneio de ELITE da AXL 2013-2014"]
[Site "axlisboa.weebly.com"]
[Date "2014.10.04"]
[Round "6.2"]
[White "Santos, Jose Manuel Duarte C"]
[Black "Pires, Emanuel Joao Robarts"]
[Result "0-1"]
[WhiteElo "1863"]
[BlackElo "2060"]
[PlyCount "66"]
[EventDate "2014.09.23"]

1. e4 e6 2. d4 d5 3. e5 c5 4. c3 Nc6 5. Nf3 Bd7 6. a3 Nge7 7. b4 cxd4 8. cxd4
Nf5 9. Bb2 b5 10. Nc3 a5 11. Nxb5 axb4 12. a4 b3 13. Bd3 Bb4+ 14. Kf1 Na5 15.
Nd2 O-O 16. Nxb3 Nc4 17. Bc1 Qb6 18. Qh5 Bxb5 19. axb5 Rxa1 20. g4 Rxc1+ 21.
Nxc1 g6 22. Qh3 Nxd4 23. Qg3 Nf3 24. h4 Qd4 25. Kg2 Ncxe5 26. Be2 Nd2 27. g5
Rc8 28. h5 Rc3 29. Nd3 Qe4+ 30. Kg1 Qxe2 31. Qxe5 Nf3+ 32. Kg2 Nxe5 33. Nxb4
Qg4+ 0-1

[Event "Torneio de ELITE da AXL 2013-2014"]
[Site "axlisboa.weebly.com"]
[Date "2014.10.04"]
[Round "6.3"]
[White "Preto, Daniel Filipe Rodrig"]
[Black "Carneiro, Carlos Alberto C P"]
[Result "0-1"]
[WhiteElo "1984"]
[BlackElo "2209"]
[PlyCount "74"]
[EventDate "2014.09.23"]

1. Nf3 c5 2. c4 Nc6 3. Nc3 g6 4. g3 Bg7 5. Bg2 Nh6 6. O-O O-O 7. e4 d6 8. h3 f5
9. d3 Nf7 10. Ng5 e6 11. Nxf7 Rxf7 12. exf5 gxf5 13. Qh5 Rb8 14. Bg5 Qf8 15. g4
Nd4 16. f4 Bd7 17. Rae1 Bc6 18. gxf5 Nxf5 19. Kh2 Bxg2 20. Kxg2 Re8 21. Re2 h6
22. Bh4 Bd4 23. Kh2 Rg7 24. Ne4 Qf7 25. Qxf7+ Kxf7 26. Be1 Reg8 27. Rf3 Bg1+
28. Kh1 Nd4 29. Bc3 Nxe2 30. Bxg7 Rxg7 31. Nxd6+ Ke7 32. Nxb7 Bd4 33. b3 Ng3+
34. Kg2 Nf5+ 35. Kh2 Nh4 36. Rf1 Rg2+ 37. Kh1 Rxa2 0-1

[Event "Torneio de ELITE da AXL 2013-2014"]
[Site "axlisboa.weebly.com"]
[Date "2014.10.04"]
[Round "6.4"]
[White "Diogo, Vasco"]
[Black "Bolhari, Orphe Iraj"]
[Result "1/2-1/2"]
[WhiteElo "2256"]
[BlackElo "2141"]
[PlyCount "86"]
[EventDate "2014.09.23"]

1. d4 d5 2. Nf3 Nf6 3. Bf4 c6 4. c3 Bf5 5. Nbd2 Nbd7 6. h3 h6 7. g4 Bh7 8. Bg2
e6 9. Ne5 Qb6 10. Qb3 Qxb3 11. axb3 c5 12. dxc5 Bxc5 13. b4 Be7 14. e4 Nxe5 15.
Bxe5 O-O 16. exd5 exd5 17. O-O Rfd8 18. Rfe1 Kf8 19. Nb3 Ne4 20. f3 Nf6 21. Nc5
b6 22. Nb3 Bd6 23. Bxd6+ Rxd6 24. b5 Bd3 25. Nd4 a5 26. Rad1 Bg6 27. f4 Be4 28.
Bxe4 Nxe4 29. Nf5 Re6 30. Ne3 Nd6 31. Nxd5 Rxe1+ 32. Rxe1 Rb8 33. f5 Nxb5 34.
f6 gxf6 35. Nxf6 Rd8 36. Re2 a4 37. Ne4 Rd3 38. Nf2 Rd7 39. Ne4 Rd3 40. Nf2 Rd7
41. Ne4 Rd3 42. Nf2 Rd7 43. Ne4 Rd3 1/2-1/2

[Event "Torneio de ELITE da AXL 2013-2014"]
[Site "axlisboa.weebly.com"]
[Date "2014.10.04"]
[Round "6.5"]
[White "Reis, Luis Sousa"]
[Black "Marques, Carlos Filipe Fernan"]
[Result "1-0"]
[WhiteElo "2195"]
[BlackElo "1832"]
[PlyCount "68"]
[EventDate "2014.09.23"]

1. d4 d5 2. Nc3 e6 3. e4 dxe4 4. Nxe4 Nf6 5. Nxf6+ Qxf6 6. Nf3 Bd6 7. Bg5 Qg6
8. Bd3 f5 9. h4 O-O 10. Qe2 Bd7 11. O-O-O Nc6 12. Ne5 Nxd4 13. Qe3 Bxe5 14.
Qxe5 Nc6 15. Qxc7 Qe8 16. Bxf5 Rc8 17. Qxd7 Qxd7 18. Rxd7 Rxf5 19. Be3 Nb4 20.
c3 a6 21. Rhd1 Nxa2+ 22. Kb1 Nxc3+ 23. bxc3 Rxc3 24. Rxb7 Rb5+ 25. Rxb5 axb5
26. Rd7 Rc4 27. g3 Rg4 28. Re7 Re4 29. Kc2 Kf8 30. Rb7 b4 31. Bc5+ Kg8 32. Bxb4
Re2+ 33. Kd3 Rxf2 34. Rb8+ Kf7 1-0

[Event "Torneio de ELITE da AXL 2013-2014"]
[Site "axlisboa.weebly.com"]
[Date "2014.10.04"]
[Round "6.6"]
[White "Pereira, Sergio Daniel Costa"]
[Black "Guerra, Vitor Manuel Vestia"]
[Result "0-1"]
[WhiteElo "2036"]
[BlackElo "2179"]
[PlyCount "105"]
[EventDate "2014.09.23"]

1. d4 Nf6 2. Nf3 e6 3. e3 d5 4. Bd3 Be7 5. Nbd2 Nbd7 6. b3 c5 7. Bb2 O-O 8. O-O
b6 9. Qe2 Bb7 10. c4 Rc8 11. Rac1 Ne4 12. cxd5 Nxd2 13. Nxd2 exd5 14. Rfd1 Bf6
15. Nf3 Re8 16. Bb5 a6 17. Bxd7 Qxd7 18. dxc5 Bxb2 19. c6 Rxc6 20. Rxc6 Qxc6
21. Qxb2 Rc8 22. Nd4 Qg6 23. Qb1 Qd6 24. Rc1 Rc5 25. h3 g6 26. b4 Rc4 27. a3
Qc7 28. Rd1 Rc3 29. Qb2 Qc4 30. a4 Bc8 31. b5 a5 32. Nc6 Be6 33. Ne5 Qxa4 34.
Qxc3 Qxd1+ 35. Kh2 a4 36. Qb4 Qb3 37. Qxb3 axb3 38. Nd3 Bd7 39. Kg3 Bxb5 40.
Nb2 f6 41. h4 Kf7 42. Kf4 Ke6 43. g4 Be2 44. g5 f5 45. Na4 Kd6 46. f3 Bd3 47.
Nb2 Bc2 48. h5 gxh5 49. Kg3 b5 50. Kh4 f4 51. exf4 Ke6 52. Kxh5 Kf5 53. Nd1 0-1

[Event "Torneio de ELITE da AXL 2013-2014"]
[Site "axlisboa.weebly.com"]
[Date "2014.10.07"]
[Round "7.1"]
[White "Guerra, Vitor Manuel Vestia"]
[Black "Morais, Vitor Mestre"]
[Result "1/2-1/2"]
[WhiteElo "2179"]
[BlackElo "1924"]
[PlyCount "177"]
[EventDate "2014.09.23"]

1. d4 Nf6 2. Nf3 d5 3. c4 e6 4. cxd5 exd5 5. Nc3 c6 6. Bf4 Bf5 7. a3 Be7 8. e3
O-O 9. Be2 Nbd7 10. O-O Nh5 11. Bg3 Nxg3 12. hxg3 Bg6 13. b4 a6 14. Qb3 Bd6 15.
a4 Nf6 16. b5 axb5 17. axb5 Ne4 18. Nxe4 Bxe4 19. Nd2 Rxa1 20. Rxa1 Bf5 21.
bxc6 bxc6 22. Ra6 Qc7 23. Qa4 Rc8 24. Qa2 Rb8 25. Bh5 g6 26. Bf3 Bd3 27. Ra7
Rb7 28. Rxb7 Qxb7 29. Qb3 Qa6 30. Qb2 Bc4 31. Bd1 Qa3 32. Qxa3 Bxa3 33. g4 c5
34. Nf3 cxd4 35. Nxd4 Bc5 36. Nf3 Kg7 37. g3 Kf6 38. Kg2 Bd3 39. Kg1 h6 40. Bb3
Bc4 41. Bxc4 dxc4 42. Nd2 Ba7 43. Nxc4 Ke6 44. Kf1 Kd5 45. Nd2 Ke5 46. Nf3+ Ke4
47. Ke2 Kd5 48. Kd3 Ke6 49. Nd2 Kd5 50. Nf3 Bb6 51. Nd4 Ke5 52. Nc6+ Kf6 53.
Ke4 Ke6 54. Nd4+ Kf6 55. f4 Ke7 56. Nf3 Ke6 57. Ne5 Bc7 58. Nd3 Kf6 59. Nb4 Ke6
60. f5+ Kd7 61. Kf3 Kd6 62. Nd3 Bb8 63. e4 Ke7 64. e5 Ba7 65. Nb4 Kd7 66. Nd5
Bd4 67. Nf6+ Ke7 68. Kf4 Kf8 69. fxg6 fxg6 70. g5 hxg5+ 71. Kxg5 Kf7 72. Ng4
Bb2 73. Kh6 Bc3 74. Kh7 Be1 75. Nh6+ Ke6 76. g4 Kxe5 77. Kxg6 Ke6 78. Nf5 Bd2
79. Nd4+ Ke7 80. Ne2 Be3 81. Nc3 Bd2 82. Nd5+ Kf8 83. Kf6 Bc1 84. Nc7 Kg8 85.
Ne6 Bd2 86. Kg6 Bc1 87. Kf5 Kf7 88. Nf4 Bxf4 89. Kxf4 1/2-1/2

[Event "Torneio de ELITE da AXL 2013-2014"]
[Site "axlisboa.weebly.com"]
[Date "2014.10.07"]
[Round "7.2"]
[White "Marques, Carlos Filipe Fernan"]
[Black "Pereira, Sergio Daniel Costa"]
[Result "1-0"]
[WhiteElo "1832"]
[BlackElo "2036"]
[PlyCount "81"]
[EventDate "2014.09.23"]

1. e4 d5 2. exd5 Nf6 3. h3 Qxd5 4. Nf3 Nc6 5. Be2 Bf5 6. Nc3 Qd6 7. O-O a6 8.
d3 h6 9. Be3 e5 10. Re1 Rd8 11. a3 Be7 12. Na4 Nd4 13. c3 Ne6 14. b4 Nd5 15.
Bc5 Nxc5 16. bxc5 Qe6 17. Bf1 Bf6 18. Qb3 Bh7 19. Qxb7 O-O 20. Nd4 Qd7 21. Nc6
Rde8 22. c4 Nf4 23. Nb6 Qf5 24. Qxc7 Qg5 25. Re3 e4 26. Rg3 Qf5 27. dxe4 Qxe4
28. Re3 Qf5 29. Rae1 Rxe3 30. Rxe3 Ne6 31. Ne7+ Bxe7 32. Qxe7 Qg5 33. Qxg5 hxg5
34. c6 Bf5 35. g4 Bc2 36. Rxe6 fxe6 37. c7 Kf7 38. c8=Q Rxc8 39. Nxc8 Kf6 40.
c5 a5 41. c6 1-0

[Event "Torneio de ELITE da AXL 2013-2014"]
[Site "axlisboa.weebly.com"]
[Date "2014.10.07"]
[Round "7.3"]
[White "Bolhari, Orphe Iraj"]
[Black "Reis, Luis Sousa"]
[Result "1/2-1/2"]
[WhiteElo "2141"]
[BlackElo "2195"]
[PlyCount "34"]
[EventDate "2014.09.23"]

1. e4 c5 2. Nc3 Nc6 3. f4 e6 4. Nf3 d5 5. Bb5 Nf6 6. d3 Bd7 7. Ne5 Qc7 8. O-O
Be7 9. Nxd7 Qxd7 10. e5 Ng8 11. f5 exf5 12. Qf3 O-O-O 13. Bxc6 bxc6 14. Qxf5
Qxf5 15. Rxf5 f6 16. exf6 Nxf6 17. Bd2 Rhf8 1/2-1/2

[Event "Torneio de ELITE da AXL 2013-2014"]
[Site "axlisboa.weebly.com"]
[Date "2014.10.07"]
[Round "7.4"]
[White "Carneiro, Carlos Alberto C P"]
[Black "Diogo, Vasco"]
[Result "1/2-1/2"]
[WhiteElo "2209"]
[BlackElo "2256"]
[PlyCount "125"]
[EventDate "2014.09.23"]

1. d4 Nf6 2. c4 g6 3. Nc3 Bg7 4. Bf4 d6 5. h3 Nc6 6. Nf3 O-O 7. e3 Bf5 8. Be2
Ne4 9. Nxe4 Bxe4 10. O-O e5 11. dxe5 dxe5 12. Bg3 Qe7 13. Qa4 Nb4 14. c5 a5 15.
a3 Bc6 16. Bb5 Qxc5 17. axb4 Qxb5 18. Qxb5 Bxb5 19. Rfd1 axb4 20. Rxa8 Rxa8 21.
Nxe5 Re8 22. Nf3 Bxb2 23. Bxc7 Bc3 24. Nd4 Bc4 25. Rc1 Rc8 26. Ba5 b5 27. Nc2
Be6 28. Nxb4 Rc4 29. Rb1 g5 30. Kf1 h5 31. Ke2 g4 32. hxg4 hxg4 33. f3 g3 34.
Kd3 Be5 35. Nc2 Rh4 36. e4 Bc4+ 37. Ke3 Bf4+ 38. Kd4 Rh2 39. Ne1 Rh1 40. Bc3 f6
41. Kc5 Be3+ 42. Kd6 Kf7 43. Ra1 Bf4+ 44. Kc6 Rh8 45. Bb4 Rc8+ 46. Kb6 Ke6 47.
Rd1 Be2 48. Rb1 Kd7 49. Nd3 Bxd3 50. Rd1 Rc6+ 51. Kb7 Rc7+ 52. Ka6 Rc2 53.
Rxd3+ Ke6 54. Kxb5 Rxg2 55. Ra3 Bd6 56. Ra6 Rb2 57. Rxd6+ Ke5 58. Rd5+ Kf4 59.
Rf5+ Ke3 60. Rxf6 g2 61. Rg6 Kxf3 62. e5 Rb1 63. e6 1/2-1/2

[Event "Torneio de ELITE da AXL 2013-2014"]
[Site "axlisboa.weebly.com"]
[Date "2014.10.07"]
[Round "7.5"]
[White "Pires, Emanuel Joao Robarts"]
[Black "Preto, Daniel Filipe Rodrig"]
[Result "1-0"]
[WhiteElo "2060"]
[BlackElo "1984"]
[PlyCount "81"]
[EventDate "2014.09.23"]

1. e4 c6 2. Nf3 d5 3. e5 Bg4 4. Be2 e6 5. O-O c5 6. b4 Bxf3 7. Bxf3 cxb4 8. a3
Nc6 9. Re1 Nh6 10. axb4 Bxb4 11. c3 Be7 12. d4 Nf5 13. Be2 O-O 14. Bd3 g6 15.
Nd2 Ng7 16. Nf3 f6 17. exf6 Bxf6 18. Ra2 a5 19. Bh6 Qd6 20. Rae2 Rfe8 21. Qb1
Re7 22. g3 Nf5 23. Bf4 Qd7 24. Bb5 Nd6 25. Bd3 Nf5 26. h4 h5 27. Bb5 Qc8 28.
Qa2 Kg7 29. Qd2 a4 30. Bg5 Bxg5 31. Qxg5 a3 32. Bxc6 bxc6 33. Ne5 Qe8 34. g4
hxg4 35. h5 a2 36. Nxg6 Kh7 37. Nxe7 a1=Q 38. Nxf5 Qf7 39. Rxe6 Qxe1+ 40. Rxe1
Rf8 41. Re7 1-0

[Event "Torneio de ELITE da AXL 2013-2014"]
[Site "axlisboa.weebly.com"]
[Date "2014.10.07"]
[Round "7.6"]
[White "Nanques, Helder Manuel Pereir"]
[Black "Santos, Jose Manuel Duarte C"]
[Result "1-0"]
[WhiteElo "1952"]
[BlackElo "1863"]
[PlyCount "55"]
[EventDate "2014.09.23"]

1. b3 e5 2. Bb2 Nc6 3. e3 d5 4. Bb5 Bd6 5. Ne2 Nf6 6. d4 e4 7. c4 O-O 8. cxd5
Nb4 9. Ng3 Bg4 10. Qd2 a6 11. Bf1 Re8 12. Nc3 Qe7 13. a3 Nbxd5 14. Nxd5 Nxd5
15. Be2 Bd7 16. Qc2 b5 17. Nf1 c5 18. dxc5 Be5 19. b4 a5 20. Bxe5 Qxe5 21. Rd1
axb4 22. axb4 Ra1 23. Qd2 Rxd1+ 24. Bxd1 Ra8 25. Ng3 Ra1 26. O-O Rb1 27. Bc2
Rxb4 28. Rd1 1-0